Normal view
MARC view
- Bowden, John
Entry Personal Name
001 - CONTROL NUMBER
- control field: 78453
003 - CONTROL NUMBER IDENTIFIER
- control field: NUST
005 - DATE AND TIME OF LATEST TRANSACTION
- control field: 20210628210207.0
008 - FIXED-LENGTH DATA ELEMENTS
- fixed length control field: 210628|| aca||aabn | a|a d
040 ## - CATALOGING SOURCE
- Original cataloging agency: NUST
- Transcribing agency: NUST
100 ## - HEADING--PERSONAL NAME
- Personal name: Bowden, John
670 ## - SOURCE DATA FOUND
- Source citation: Work cat.: (NUST): Bowden, John, Speaking in public conquer stge fight speak with confidence make a winning speech, 2000
